Airport City Codes II (U.S) Quiz Stats

 Plays Quiz Updated Dec 28, 2011

Score 0/20 Timer 05:00
3 Plays Today
Airport Code % Correct
Baltimore-Washington International AirportBWI
80.6%
Pittsburgh International AirportPIT
77.3%
Logan International AirportBOS
71.2%
Tampa International AirportTPA
59.3%
Jacksonville International AirportJAX
55.6%
Raleigh/Durham International AirportRDU
45.7%
Cincinnati-Northern Kentucky International AirportCVG
35.4%
Nashville International AirportBNA
34.7%
Kansas City International AirportMCI
33.8%
Reno-Tahoe International AirportRNO
31.4%
Airport Code % Correct
Eppley AirfieldOMA
31.4%
Louis Armstrong New Orleans International AirportMSY
29.8%
Bradley International AirportBDL
28.9%
Theodore Francis Green International AirportPVD
25.3%
Port Columbus International AirportCMH
23.3%
Norfolk International AirportORF
22.2%
Louisville International-Standiford AirportSDF
20%
Sacramento International AirportSMF
19.9%
Knoxville McGhee Tyson AirportTYS
18.7%
Southwest Florida International AirportRSW
18.1%

You're not logged in!

Compare scores with friends on all Sporcle quizzes.
OR
Log In

Show Comments

Extras

Top Quizzes Today


Score Distribution

Your Account Isn't Verified!

In order to create a playlist on Sporcle, you need to verify the email address you used during registration. Go to your Sporcle Settings to finish the process.

Report this User

Report this user for behavior that violates our Community Guidelines.

Details: